Govt. of
Madhya Pradesh

पं दीनदयाल उपाध्‍याय (Record no. 68521)

MARC details
000 -LEADER
fixed length control field 00484nam a22001097a 4500
082 ## - DEWEY DECIMAL CLASSIFICATION NUMBER
Classification number 800/DEN
100 ## - MAIN ENTRY--AUTHOR NAME
Personal name मुख्‍य सम्‍पादक,बजरंग लाल गुप्‍ता
245 ## - TITLE STATEMENT
Title पं दीनदयाल उपाध्‍याय
Sub Title जीवन दशर्न ओर समसामयिकता भाग - 1
260 ## - PUBLICATION, DISTRIBUTION, ETC. (IMPRINT)
Place of publication दिल्‍ली
Name of publisher किताबवाले
Year of publication 2022
650 ## - SUBJECT ADDED ENTRY--TOPICAL TERM
Topical Term रचनावली
942 ## - ADDED ENTRY ELEMENTS (KOHA)
Koha item type Hindi Books
Holdings
Withdrawn status Lost status Damaged status Not for loan Home library Current library Date acquired Cost, normal purchase price Full call number Accession Number Price effective from Koha item type
        MACL MACL 31/12/2025 1100.00 800/DEN CRH038941 31/12/2025 Hindi Books